| 000 | 02332nam0a2200385 4500 | ||
|---|---|---|---|
| 001 | RU\NLR\BIBL_A\011495934 | ||
| 005 | 20260405163802.0 | ||
| 010 |
_a9785444301258 _9500 |
||
| 021 |
_aRU _b2017-69868 _94961 |
||
| 035 | _a(RuMoRGB)008994707 | ||
| 035 | _a(NLR Aleph) 011495934 | ||
| 090 |
_a11971639 _c11971639 |
||
| 100 | _a20171013d2017 k y0rusy50 ca | ||
| 101 | 0 | _arus | |
| 102 | _aRU | ||
| 105 | _aacbzzz0|10yzy | ||
| 200 | 1 |
_aЛесной комплекс сегодня. Экономика. Взгляд молодых исследователей 2017 – международная конференция, Май 26–27, 2017, Москва _e[сборник материалов _fредакционная коллегия: академик Кожухов Н. И. и др.] |
|
| 210 |
_aМосква _cНаучные технологии _d2017 |
||
| 215 |
_a276, [2] с. _cил., карт., портр., табл. _d21 |
||
| 300 | _aВ надзаг.: Мытищинский филиал МГТУ им. Н. Э. Баумана, Санкт-Петербургский государственный университет аэрокосмического приборостроения | ||
| 320 | _aБиблиогр. в конце ст. | ||
| 517 | 1 | _aЭкономика. Взгляд молодых исследователей 2017 – международная конференция, Май 26–27, 2017, Москва | |
| 606 | 1 |
_aЛесное хозяйство _jСъезды, совещания и т.п _xЭкономика _91468758 _3RU\NLR\AUTH\66623844 |
|
| 606 |
_aЭкономика _jСъезды, совещания и т.п _91414491 _3RU\NLR\AUTH\66284709 |
||
| 686 |
_aУ9(2)341.0я431(0) _2rubbk |
||
| 686 |
_aУ9(2)я431(0) _2rubbk |
||
| 686 | 1 | _aУ34(2)1я431 | |
| 686 | 1 | _aУ.я431 | |
| 702 | 1 |
_4340 _8rus _7ca _aКожухов _bН. И. _f1938- _gНиколай Иванович _3RU\NLR\AUTH\7769875 _952803 |
|
| 711 | 1 | 2 |
_a"Лесной комплекс сегодня. Экономика. Взгляд молодых исследователей 2017", международная научно-практическая конференция _eМосква _9572276 _3RU\NLR\AUTH\880454427 |
| 942 | _cBOOK | ||
| 980 | _aNBR | ||